00677nam a22001697a 4500003000900000008004100009040007100050082002300121100003700144245016900181260001900350300002800369505004800397650001900445650001900464650002400483AR-CdUCM190328b ||||| |||| 00| 0 spa d aMUNICIPALIDAD PROVINCIAL DEL CUSCOcBIBLIOTECA MUNICIPAL DEL CUSCO aC / 985.02 /bC83A aCovarrubias Pozo, Jesús Manuel aSegundo libro de actas :bAcuerdos - proveimientos - mandatos y ordenanzas de los magníficos señores del Cabildo, Justicia y Regimiento de la ciudad del Cuzco / aCusco :c1963. a228 páginas ;c25 cm. aContenido: Libro de actas de cabildo cusco. aLibro de actas aCabildos Cusco aRegimiento de Cusco